Statistics for AFI's 100 Years. . . 100 Movies (original 1998 list)

Click here to take the quiz!

General Stats

  • This quiz has been taken 261 times
    (244 since last reset)
  • The average score is 56 of 100

Answer Stats

#YearMovie title% Correct
41939Gone With the Wind
96%
21942Casablanca
94%
31972The Godfather
94%
321974The Godfather Part II
92%
11941Citizen Kane
90%
61939The Wizard of Oz
90%
151977Star Wars
86%
91993Schindler's List
85%
181960Psycho
82%
81954On the Waterfront
80%
421954Rear Window
80%
201975One Flew Over the Cuckoo's Nest
79%
611958Vertigo
79%
251982E.T. The Extra-Terrestrial
77%
481975Jaws
77%
401959North by Northwest
77%
141959Some Like It Hot
75%
2219682001: A Space Odyssey
74%
111946It's a Wonderful Life
74%
101952Singin' In the Rain
74%
711994Forrest Gump
71%
721959Ben-Hur
70%
51962Lawrence of Arabia
70%
941990Goodfellas
69%
241980Raging Bull
69%
71967The Graduate
68%
761931City Lights
65%
551965The Sound of Music
65%
651991The Silence of the Lambs
64%
341962To Kill a Mockingbird
64%
281979Apocalypse Now
63%
811936Modern Times
63%
601981Raiders of the Lost Ark
63%
121950Sunset Blvd.
63%
491937Snow White and the Seven Dwarfs
62%
471976Taxi Driver
62%
411961West Side Story
62%
161950All About Eve
61%
501969Butch Cassidy and the Sundance Kid
61%
191974Chinatown
61%
781976Rocky
61%
461971A Clockwork Orange
60%
331952High Noon
60%
791978The Deer Hunter
60%
451951A Streetcar Named Desire
58%
951994Pulp Fiction
58%
351934It Happened One Night
57%
291939Mr. Smith Goes to Washington
57%
131957The Bridge On the River Kwai
56%
831986Platoon
55%
261964Dr. Strangelove
54%
381944Double Indemnity
52%
741925The Gold Rush
52%
961956The Searchers
52%
311977Annie Hall
51%
701971The French Connection
51%
231941The Maltese Falcon
51%
981992Unforgiven
51%
931960The Apartment
50%
301948The Treasure of the Sierra Madre
50%
531984Amadeus
49%
431933King Kong
49%
441915The Birth of a Nation
49%
271967Bonnie and Clyde
48%
171951The African Queen
48%
211940The Grapes of Wrath
48%
661976Network
46%
561970M*A*S*H
45%
361969Midnight Cowboy
45%
751990Dances With Wolves
44%
511940The Philadelphia Story
44%
771973American Graffiti
43%
521953From Here to Eternity
43%
911964My Fair Lady
43%
891970Patton
43%
691953Shane
43%
371946The Best Years of Our Lives
43%
641977Close Encounters of the Third Kind
40%
541930All Quiet On the Western Front
39%
971938Bringing Up Baby
39%
391965Doctor Zhivago
39%
851933Duck Soup
39%
621982Tootsie
39%
681951An American in Paris
38%
881969Easy Rider
38%
631939Stagecoach
37%
581940Fantasia
36%
591955Rebel Without a Cause
36%
1001942Yankee Doodle Dandy
36%
871931Frankenstein
33%
991967Guess Who's Coming To Dinner
33%
861935Mutiny On the Bounty
33%
801973The Wild Bunch
33%
821956Giant
32%
571949The Third Man
32%
841996Fargo
31%
901927The Jazz Singer
30%
671962The Manchurian Candidate
24%
731939Wuthering Heights
24%
921951A Place In the Sun
23%

Score Distribution

Percentile by Number Answered

Percent of People with Each Score

Your Score History

You have not taken this quiz since the last reset